Spoken and written discourse: a multi-disciplinary perspective
Shranjeno v:
| Glavni avtor: | |
|---|---|
| Format: | Knjiga |
| Jezik: | angleščina |
| Izdano: |
Stamford
Ablex
1999
|
| Izdaja: | 1a. ed |
| Serija: | Contemporary Studies in International Political Communication
|
| Teme: | |
| Oznake: |
Označite
Brez oznak, prvi označite!
|
MARC
| LEADER | 00000nam a2200000 a 4500 | ||
|---|---|---|---|
| 001 | UCJ0701 | ||
| 003 | CL-VaPUC | ||
| 008 | 060901e19990000US |||||||||||||||||eng|d | ||
| 020 | |a 1567504272 | ||
| 082 | 0 | 4 | |a 302.224 |b JAH |2 21 |
| 100 | 0 | |a Jahandaríe, Khosrow |e author |9 500985 | |
| 245 | 1 | 0 | |a Spoken and written discourse: a multi-disciplinary perspective |
| 250 | |a 1a. ed | ||
| 300 | |a 446 p | ||
| 942 | |c BK | ||
| 945 | |d 20060901 00:00:00 |a cmena | ||
| 260 | |a Stamford |b Ablex |c 1999 | ||
| 650 | 0 | |a Comunicación escrita |9 345084 | |
| 650 | 0 | |a Medios de comunicación |9 257206 | |
| 650 | 0 | |a Investigación lingüística |9 329785 | |
| 650 | 0 | |a Desarrollo cultural |9 267526 | |
| 650 | 0 | |a Sociolingüística |9 263716 | |
| 583 | |a last modification |c 20140408 10:59:43 |k Rodrigo Vera | ||
| 490 | 0 | |a Contemporary Studies in International Political Communication | |
| 999 | |c 317463 |d 317461 | ||
| 952 | |0 0 |1 0 |4 0 |6 302_224000000000000_JAH_1999 |7 0 |8 A |9 393856 |a FDOPOS |b FDOPOS |d 2019-11-22 |i 4266293 |o 302.224 JAH 1999 |p 4266293 |r 2025-01-22 |w 2019-11-22 |y BK |k MLA | ||